LEADER 02203nam0 22004573i 450 001 UBS0005538 005 20251003044426.0 010 $a9788820367060 100 $a20150603d2015 ||||0itac50 ba 101 | $aita 102 $ait 181 1$6z01$ai $bxxxe 182 1$6z01$an 183 1$6z01$anc$2RDAcarrier 200 1 $aRaffaele Mattioli$edocumenti e fotografie della maturità$fFrancesca Gaido, Francesca Pino 210 $aMilano$cU. Hoepli$d2015 215 $a103 p.$cill., fotogr. color.$d24 cm. 500 10$aRaffaele Mattioli$3BCT0036371$9USMV946853$92906525 606 $aMattioli, Raffaele$2FIR$3CFIC023430$9E 676 $a330.092$9Scienze economiche. Persone.$v20 676 $a332.1092$9BANCHE. Persone$v21 676 $a332.1092$9BANCHE. Persone$v22 676 $a920.71$9BIOGRAFIE DI UOMINI$v23 686 $aIT/3430.0$cECONOMIA E SOCIETA ITALIA 1945-1968$2R 686 $aIT/3435.3$cSISTEMA BANCARIO CREDITO RISPARMIO ITALIA 1945-1968$2R 686 $aIT/4430.0$cECONOMIA E SOCIETA ITALIA 1968-1989$2R 686 $aIT/4435.3$cSISTEMA BANCARIO CREDITO RISPARMIO ITALIA 1968-1989$2R 686 $aX0.1/MATTIOLI,RAFFAEL$cBIOGRAFIE E SCRITTI SU RAFFAELE MATTIOLI$2R 700 1$aGaido$b, Francesca$3USMV946853$01253577 701 1$aPino$b, Francesca$f <1954- >$3CFIV094501$01253578 790 1$aPino Pongolini$b, Francesca$3CFIV190528$zPino, Francesca <1954- > 801 3$aIT$bIT-000000$c20150603 850 $aIT-BN0095 $aIT-NA0079 $aIT-NA0070 $aIT-NA0120 $aIT-NA0097 901 $bNAP BN$cMAGAZZINO $nmagazzini correnti divisi per anni 901 $bNAP SP$cNF. $nNUOVO FONDO 901 $bNAP 01$cPOZZO LIB.$nVi sono collocati fondi di economia, periodici di ingegneria e scienze, periodici di economia e statistica e altri fondi comprendenti documenti di economia pervenuti in dono. 912 $aUBS0005538 950 0$aBiblioteca Centralizzata di Ateneo$b1 v.$c1 v.$d 01POZZO LIB.F. BENCARDINO 69$e 01 0000083005E VMA 1 v.$fB $h20220614$i20220830 977 $a 01$a BN$a BU$a CR$a SP 996 $aRaffaele Mattioli$92906525 997 $aUNISANNIO LEADER 00992nam 2200253la 450 001 9910482458003321 005 20221102161710.0 035 $a(UK-CbPIL)2090368607 035 $a(CKB)5500000000092594 035 $a(EXLCZ)995500000000092594 100 $a20221102d1632 uy | 101 0 $afre 135 $aurcn||||a|bb| 200 10$aEssay des merveilles de nature, et des plus nobles artifices. Piece tres necessaire a tous ceux qui font profession d'eloquence / By R. Franc?ois [E. Binet] 210 $aParis $cJacques Dugast$d1632 215 $aOnline resource ([8] leaves, 607 p. : woodcuts , (8vo)) 300 $aReproduction of original in The Wellcome Library, London. 700 $aBinet$b E?tienne$f1569-1639.$00 801 0$bUk-CbPIL 801 1$bUk-CbPIL 906 $aBOOK 912 $a9910482458003321 996 $aEssay des merveilles de nature, et des plus nobles artifices. Piece tres necessaire a tous ceux qui font profession d'eloquence$91932492 997 $aUNINA